书目信息 |
| 题名: |
3ds max 8建筑动画表现完全手册
|
|
| 作者: | 顾涛 , 高月 编著 | |
| 分册: | ||
| 出版信息: | 北京 电子工业出版社 2006.01 |
|
| 页数: | 345页 | |
| 开本: | 26cm | |
| 丛书名: | 建筑动画表现风暴 | |
| 单 册: | ||
| 中图分类: | TU201.4 | |
| 科图分类: | ||
| 主题词: | 建筑设计--jian zhu she ji--计算机辅助设计--图形软件 | |
| 电子资源: | ||
| ISBN: | 7-121-02078-5 | |
| 000 | 01018nam 2200265 450 | |
| 001 | 012006565773 | |
| 005 | 20060922155542.85 | |
| 010 | @a7-121-02078-5@dCNY75.00 (含光盘) | |
| 100 | @a20060704d2006 km y0chiy0120 ea | |
| 101 | 0 | @achi |
| 102 | @aCN@b110000 | |
| 105 | @aa z 000yy | |
| 200 | 1 | @a3ds max 8建筑动画表现完全手册@A3ds max 8 jian zhu dong hua biao xian wan quan shou ce@f顾涛, 高月编著@Fgu tao,gao yue bian zhu |
| 210 | @a北京@c电子工业出版社@d2006.01 | |
| 215 | @a345页@c图@d26cm@e光盘3片 | |
| 225 | 2 | @a建筑动画表现风暴@Ajian zhu dong hua biao xian feng bao |
| 330 | @a本书全面细致地介绍了如何运用3ds max 8制作建筑动画的经验和方法。全书共分8章2部分:第1部分是建筑动画分步解析,第二部分是实际案例全案剖析。 | |
| 410 | 0 | @12001 @a建筑动画表现风暴 |
| 606 | 0 | @a建筑设计@Ajian zhu she ji@x计算机辅助设计@x图形软件 |
| 610 | 0 | @a3DS MAX 8 |
| 690 | @aTU201.4@v4 | |
| 701 | 0 | @a顾涛@Agu tao@4编著 |
| 701 | 0 | @a高月@Agao yue@4编著 |
| 801 | 0 | @aCN@bQSSK@c20060922 |
| 905 | @a10447@dTU201.4@eG516 | |
| 3ds max 8建筑动画表现完全手册/顾涛, 高月编著.-北京:电子工业出版社,2006.01 |
| 345页:图;26cm+光盘3片.-(建筑动画表现风暴) |
| ISBN 7-121-02078-5:CNY75.00 (含光盘) |
| 本书全面细致地介绍了如何运用3ds max 8制作建筑动画的经验和方法。全书共分8章2部分:第1部分是建筑动画分步解析,第二部分是实际案例全案剖析。 |
| ● |
| 相关链接 |
|
|
|
正题名:3ds max 8建筑动画表现完全手册
索取号:TU201.4/G516
 
预约/预借
| 序号 | 登录号 | 条形码 | 馆藏地/架位号 | 状态 | 备注 |
| 1 | 593996 | 205939966 | 建筑库101/101建筑库 33排4列3层/ [索取号:TU201.4/G516] | 在馆 | |
| 2 | 593997 | 205939975 | 建筑库101/101建筑库 33排4列3层/ [索取号:TU201.4/G516] | 在馆 | |
| 3 | 593998 | 205939984 | 建筑库101/101建筑库 33排4列3层/ [索取号:TU201.4/G516] | 在馆 |